University Home | Library Home | Institutional Repository

The English Historical Review (Record no. 5878)

MARC details
000 -LEADER
fixed length control field 01085cas a2200157 4500
008 - FIXED-LENGTH DATA ELEMENTS--GENERAL INFORMATION
fixed length control field 170427n eng u
022 ## - INTERNATIONAL STANDARD SERIAL NUMBER
International Standard Serial Number 00138266
035 ## - SYSTEM CONTROL NUMBER
System control number (Sirsi) a202632
050 ## - LIBRARY OF CONGRESS CALL NUMBER
Classification number http://www.jstor.org/subject/britstud
245 ## - TITLE STATEMENT
Title The English Historical Review
260 ## - PUBLICATION, DISTRIBUTION, ETC.
Place of publication, distribution, etc. JSTOR
310 ## - CURRENT PUBLICATION FREQUENCY
Current publication frequency Bi - annual
362 ## - DATES OF PUBLICATION AND/OR SEQUENTIAL DESIGNATION
Dates of publication and/or sequential designation Vol. 1 , No. 1 , 1886 - Vol. 126 , No. 523 , 2011
520 ## - SUMMARY, ETC.
Summary, etc. Tables of contents for recent issues of The English Historical Review are available at http://www3.oup.co.uk/enghis/contents/. Authorized users may be able to access the full text articles at this site. First published in 1886, The English Historical Review is the oldest journal of historical scholarship in the English-speaking world. It deals not only with British history, but with almost all aspects of European and world history since the classical era. It covers the history of the Americas, including the foreign policy of the USA and her role in the wider world (but excluding the domestic history of the USA since Independence).
650 ## - SUBJECT ADDED ENTRY--TOPICAL TERM
Topical term or geographic name entry element British Studies
Holdings
Withdrawn status Lost status Source of classification or shelving scheme Damaged status Not for loan Home library Current library Shelving location Total Checkouts Full call number Barcode Date last seen Copy number Uniform Resource Identifier Price effective from Koha item type
          Main Library Main Library Serials   HTTP://WWW.JSTOR.ORG 8266111886 08/12/2019 1 http://www.jstor.org/subject/britstud 08/12/2019 Electronic Resource
          Main Library Main Library Serials   HTTP://WWW.JSTOR.ORG 82661265232011 08/12/2019 2   08/12/2019 Electronic Resource
© 2026 - The University of Zambia Library - Koha v25.11